000 00641nas a2200229 4500
001 BR9511317
003 BR-BrBNA
005 20231205094613.0
007 ta
008 230509b bl.|||p| |||| 00| 00por d
040 _aBR-BrBNA
_bpor
_cBiblioteca Nacional de Agricultura
041 _a(Pt)
072 _aL73
100 1 _aAnon.
245 1 _aAcido mostra eficiencia contra salmonela
650 _aAvicultura
650 _aSalmonelose
650 _aAcido Organico
773 0 _tAvicultura - Ciencia e Tecnologia (Brazil)
_x
_g(May 1995), v. 3(16) p. 4
_wBR9511317
909 _a202311
_bLúcia
_c55
_dLúcia Elande
942 _2AGRIS
_n0
_cANA
999 _c145599
_d145599